00627nam a22002177a 4500003001100000005001700011008004100028020001500069040003900084041000800123082001600131100001700147245001400164260003700178300004300215490002400258650001400282942000700296952009100303999001500394LK-CoMWRAF20231215122535.0231215b1994 |||||||| |||| 00| 0 eng d a1857780469 aLK-CoMWRAFdLK-CoMWRAFeLK-CoMWRAF aeng a746.46bMOR aMore, Hilary aPatchwork aLondon:bSunburst books, c 1994 a 96 p. : ill. ; 20 cm.bIndex included aSunburst handguides aPATCHWORK cBK 00104070aMAINbMAINd2023-12-15l0o746.46 MORpRAF4563r2023-12-15w2023-12-15yBK c4484d4484